Match Sheet : Chelsea 1-1 Barcelona - Statistics

General Stats
  • This quiz has been taken 37 times
  • The average score is 17 of 22
Answers on the Map
Answers color-coded by a green-red scale on the quiz's map according to % correct below.
 
Answer Stats
Answer % Correct
Andrés Iniesta
100%
Dider Drogba
100%
Lionel Messi
100%
Xavi
100%
Gerard Piqué
97%
John Terry
97%
Sergio Busquets
97%
Victor Valdès
97%
Petr Čech
94%
Frank Lampard
89%
Ashley Cole
86%
Dani Alves
83%
Éric Abidal
80%
Samuel Eto'o
77%
Michael Essien
71%
Michael Ballack
60%
Florent Malouda
57%
José Bosingwa
51%
Yaya Touré
49%
Nicolas Anelka
46%
Seydou Keita
37%
Alex
31%
No matching quizzes found
Score Distribution
Percent of People with Each Score
Percentile by Number Answered
Your Score History
You have not taken this quiz